00735nam a2200193Ia 4500999001700000082001200017100002500029245010000054250002500154260000900179300000800188504002600196650006300222650002900285650004000314710002700354942000700381952015300388 c20071d20071 aTB.0389 aBangkim, Nongthombam 0aSocial construction of gender: a study on parental gender-role socialization in Meitei society aPanjab Unversity, Ch c2009 a281 ainculdes bibliography aMeitheis (Indic people)vIndiavManipurvSocial conditions aSex rolevIndiavManipur aParental influencesvIndiavManipur aTeja, Mohinderjit Kaur cTH 00104070aNASSDOCbNASSDOCd2010-02-23eGifted by : Fellowship Division, ICSSRi2009-09-24l0oTB.0389p46102r2019-04-18 00:00:00w2019-04-18yTH